| 000 | 01092nam a2200205Ia 4500 | ||
|---|---|---|---|
| 008 | 000000[2001] sp a 0000000000spa00 | ||
| 020 | _a8489860246 | ||
| 090 | _aPUS00 C15h | ||
| 100 | 1 | _aCannon, Steve | |
| 245 | 1 | 3 |
_aEl humor y la rabia _b: cinco pintores contemporáneos de Estados Unidos _c/ textos Steve Cannon, Lucy R. Lippard, Mireia Sentís ; fotografías Peter Bellamy, Johnny Betancourt ... [et al. ] |
| 300 |
_a144 p. _c/ 26 cm. |
||
| 500 | _aCon el patronazgo del maestro venezolano Jesús Rafael Soto (q.e.p.d.) | ||
| 600 | 0 | 0 |
_a COLESCOTT, ROBERT, 1925/ _xTRABAJOS PICTORICOS \ APPLEBROOG, IDA, 1929/ _xTRABAJOS PICTORICOS \ LONGFISH, GEORGE, 1942 / _xTRABAJOS PICTORICOS \ WONG, MARTIN, 1946/ _xTRABAJOS PICTORICOS \ ROCHERABELL, ARNALDO, 1955 / _xTRABAJOS PICTORICOS |
| 650 | 1 | 4 | _a PINTURA MODERNA ESTADOUNIDENSE |
| 650 | 1 | 4 | _xCATALOGOS |
| 650 | 1 | 4 | _aPINTORES ESTADOUNIDENSES |
| 650 | 1 | 4 | _aPINTURA ESTADOUNIDENSE |
| 700 | 1 | _aLippard, Lucy R. \ Sentis, Mireia \ Bellamy, Peter \ Betancourt, Johnny | |
| 999 |
_c120 _d120 |
||
| 260 |
_aBarcelona : Fundació Caixa Catalunya _c2001 |
||